Higher Education Challenges And Vision (Record no. 28015)

MARC details
000 -LEADER
fixed length control field 00357nam a2200145Ia 4500
008 - FIXED-LENGTH DATA ELEMENTS--GENERAL INFORMATION
fixed length control field 220531s9999 xx 000 0 und d
041 ## - LANGUAGE CODE
Language code of text/sound track or separate title eng
245 ## - TITLE STATEMENT
Title Higher Education Challenges And Vision
260 ## - PUBLICATION, DISTRIBUTION, ETC. (IMPRINT)
Name of publisher, distributor, etc. University of Pune
Date of publication, distribution, etc. 2002
300 ## - PHYSICAL DESCRIPTION
Extent 362
542 ## - INFORMATION RELATING TO COPYRIGHT STATUS
Copyright holder 22-04-2002
650 ## - SUBJECT ADDED ENTRY--TOPICAL TERM
Topical term or geographic name as entry element Education
9 (RLIN) 47788
906 ## - LOCAL DATA ELEMENT F, LDF (RLIN)
d 2002-2003
Holdings
Withdrawn status Lost status Source of classification or shelving scheme Damaged status Not for loan Home library Current library Date acquired Cost, normal purchase price Total Checkouts Total Holds Full call number Barcode Date last seen Bill Date Koha item type Original Barcode
    Dewey Decimal Classification     Shri Siddhivinayak Mahila Mahavidyalaya Shri Siddhivinayak Mahila Mahavidyalaya 22/04/2002 200.00   1 /-/B/9002 SSMM-BK-9002 06/08/2022 06/08/2022 Books 010009002